000 01026nam a2200289 a 4500
001 17754
003 BD-RJUL
005 20211209000204.0
008 140217t19621937enk 000 0 eng d
035 _a(BD-RjUL)17812
040 _aBD-RjUL
_beng
_cBD-RjUL
041 _aeng
082 _a822.09
_bKND 1962
100 1 _aKnights, L. C.
_q(Lionel Charles),
_d1906-
_954758
245 1 0 _aDrama and society in the age of Jonson /
_c[by] L.C. Knights.
260 _aLondon :
_bPenguin books in association with Chatto and Windus,
_c1962.
300 _a285 p. ;
_c20 cm.
504 _aBibliography : p. 275-[280], and index.
504 _a include bibliography and Index
650 0 _aEnglish drama
_yEarly modern and Elizabethan, 1500-1600
_xHistory and criticism.
_92066
650 0 _aSocial problems in literature.
_954759
651 0 _aGreat Britain
_xEconomic conditions.
_954760
651 0 _aGreat Britain
_xSocial conditions.
_954761
830 0 _vY15
_9242162
830 0 _aPeregrine books ;
_9242163
942 _2ddc
_cBK
999 _c17754
_d17754